000 00825nam a2200253Ia 4500
003 OSt
005 20220930092202.0
006 a|||||r|||| 00| 0
007 ta
008 220926b |||||||| |||| 00| 0 eng d
024 _a12504
037 _cTheses
040 _aCRL
_cCRL
_beng
041 _2eng
_aeng
100 _aDilipbhai Patel Linaben
_9548089
110 _aUniversity of Delhi. Faculty of Medical Science. Department of Anatomy
245 0 _aMicro neclear cervical cytological abnormalities in women at high risk for cervical carcinoma
260 _c2014
650 _aMEDICINE
700 _a Kulwinder Kaur Gu.
_9548090
700 _aUniversity of Delhi. Faculty of Medical Science. Department of Anatomy
942 _cDIS
_2CC
999 _c883366
_d883366